TQM IN ACTION. (Record no. 348687)

000 -LEADER
fixed length control field 00412 a2200169 4500
020 ## - INTERNATIONAL STANDARD BOOK NUMBER
International Standard Book Number 9780412715303
022 ## - INTERNATIONAL STANDARD SERIAL NUMBER
International Standard Serial Number 9780412715303
082 ## - DEWEY DECIMAL CLASSIFICATION NUMBER
Classification number 658.4012
090 ## - LOCALLY ASSIGNED LC-TYPE CALL NUMBER (OCLC); LOCAL CALL NUMBER (RLIN)
-- 6321
-- 6321
100 ## - MAIN ENTRY--PERSONAL NAME
Personal name Pike,John
245 ## - TITLE STATEMENT
Title TQM IN ACTION.
Remainder of title Richard Barnes.
Statement of responsibility, etc. John Pike.
250 ## - EDITION STATEMENT
Edition statement 2nd.
260 ## - PUBLICATION, DISTRIBUTION, ETC.
Place of publication, distribution, etc. London.
Name of publisher, distributor, etc. Chapman & Hall
Date of publication, distribution, etc. 1996.
300 ## - PHYSICAL DESCRIPTION
Extent 362p.
500 ## - GENERAL NOTE
General note Paper Cover.
942 ## - ADDED ENTRY ELEMENTS (KOHA)
Institution code [OBSOLETE] NBS
Koha item type Book
Call number prefix 658.4012 PIK
Holdings
Withdrawn status Lost status Damaged status Not for loan Permanent Location Current Location Date acquired Total Checkouts Full call number Barcode Date last seen Price effective from Koha item type
        Central Library (CL) Central Library (CL) 08/28/2013   658.4012 PIK NBS2985 08/28/2013 08/28/2013 Book
© 2023 Central Library, National University of Sciences and Technology. All Rights Reserved.